000
00225 a2200097 4500
020
_a
9781623543129
041
_a
spa
100
_a
Hollis Kurman
245
_a
Diez formas de darles la bienvenida a niǫs refugiados
942
_c
K
999
_c
28130
_d
28130